Cleaning stone and masonry : (Record no. 548949)
[ view plain ]
| 000 -LEADER | |
|---|---|
| fixed length control field | 01697pam a2200217 a 4500 |
| 020 ## - INTERNATIONAL STANDARD BOOK NUMBER | |
| International Standard Book Number | 0803109326 (pbk.) |
| 082 00 - DEWEY DECIMAL CLASSIFICATION NUMBER | |
| Classification number | 693.1 |
| Author Mark | CLE |
| 245 00 - TITLE STATEMENT | |
| Title | Cleaning stone and masonry : |
| Remainder of title | a symposium sponsored by ASTM Committee E-6 on Performance of Building Constructions, Louisville, KY, 18 April 1983 / |
| Statement of responsibility, etc. | James R. Clifton, editor. |
| 260 ## - PUBLICATION, DISTRIBUTION, ETC. | |
| Place of publication, distribution, etc. | Philadelphia, PA : |
| Name of publisher, distributor, etc. | ASTM, |
| Date of publication, distribution, etc. | c1986. |
| 300 ## - PHYSICAL DESCRIPTION | |
| Extent | ix, 176 p. : |
| Other physical details | ill. ; |
| Dimensions | 23 cm. |
| 500 ## - GENERAL NOTE | |
| General note | "ASTM publication code number (PCN) 04-935000-10." |
| 505 0# - FORMATTED CONTENTS NOTE | |
| Formatted contents note | Introduction -- Cleaning efflorescences from masonry / K. Lal Gauri, George C. Holdren, and Willard C. Vaughan -- Performance tests for graffiti removers / James R. Clifton and McClure Godette -- Masonry cleaning: the state of the art / David W. Boyer -- Criteria for selection of a most appropriate cleaning method / Larry D. Jones -- Chemical cleaning of historic structures: a practical approach / Thomas H. Rudder -- Cleaning the masonry interiors of public buildings / J. Walter Roth -- Cleaning and waterproofing of historic masonry buildings / Robert C. Mack -- A case study of the cleaning and conservation of marble at the Schenectady, New York, City Hall / John G. Waite and Roger J. Cheng -- A macrostereogrammetric technique for measuring surface erosion losses on stone / Erhard M. Winkler -- Summary. |
| 526 ## - STUDY PROGRAM INFORMATION NOTE | |
| Program name | 0 |
| Interest level | 0 |
| Reading level | 0 |
| Title point value | 693_100000000000000_CLE |
| 650 #0 - SUBJECT ADDED ENTRY--TOPICAL TERM | |
| Topical term or geographic name entry element | Building stones |
| General subdivision | Cleaning |
| -- | Congresses. |
| 9 (RLIN) | 45418 |
| 650 #0 - SUBJECT ADDED ENTRY--TOPICAL TERM | |
| Topical term or geographic name entry element | Buildings |
| General subdivision | Cleaning |
| -- | Congresses. |
| 9 (RLIN) | 45419 |
| 650 #0 - SUBJECT ADDED ENTRY--TOPICAL TERM | |
| Topical term or geographic name entry element | Masonry |
| General subdivision | Cleaning |
| -- | Congresses. |
| 9 (RLIN) | 45420 |
| 650 #0 - SUBJECT ADDED ENTRY--TOPICAL TERM | |
| Topical term or geographic name entry element | MCE |
| 9 (RLIN) | 379 |
| 700 1# - ADDED ENTRY--PERSONAL NAME | |
| Personal name | Clifton, James R. |
| 9 (RLIN) | 45421 |
| 710 2# - ADDED ENTRY--CORPORATE NAME | |
| Corporate name or jurisdiction name as entry element | ASTM Committee E-6 on Performance of Building Constructions. |
| 9 (RLIN) | 45422 |
| 942 ## - ADDED ENTRY ELEMENTS (KOHA) | |
| Source of classification or shelving scheme | |
| Koha item type | Book |
| Withdrawn status | Lost status | Source of classification or shelving scheme | Damaged status | Not for loan | Permanent Location | Current Location | Date acquired | Total Checkouts | Full call number | Barcode | Date last seen | Price effective from | Koha item type |
|---|---|---|---|---|---|---|---|---|---|---|---|---|---|
| Military College of Engineering (MCE) | Military College of Engineering (MCE) | 09/11/2014 | 693.1 CLE | MCE-28728 | 09/11/2014 | 09/11/2014 | Book |
